La psicología de Vygotski
Shranjeno v:
| Glavni avtor: | |
|---|---|
| Format: | Knjiga |
| Jezik: | španščina |
| Izdano: |
Madrid
Visor
1988
|
| Izdaja: | 3a. ed |
| Serija: | Colección Aprendizaje, 25
|
| Teme: | |
| Oznake: |
Označite
Brez oznak, prvi označite!
|
MARC
| LEADER | 00000nam a2200000 a 4500 | ||
|---|---|---|---|
| 001 | UCW7743 | ||
| 003 | CL-VaPUC | ||
| 008 | 930817e19880000SP |||||||||||||||||spa|d | ||
| 082 | 0 | 4 | |a 150.19 |b RIV |2 21 |
| 100 | 0 | |a Rivière, Angel |e author |9 312942 | |
| 245 | 1 | 3 | |a La psicología de Vygotski |
| 250 | |a 3a. ed | ||
| 300 | |a 100 p | ||
| 942 | |c BK | ||
| 945 | |d 19930817 00:00:00 | ||
| 260 | |a Madrid |b Visor |c 1988 | ||
| 600 | 0 | 7 | |a VYGOTSKI, LEV SEMIONOVICH |2 CL-VaPUC |9 312943 |
| 650 | 0 | |a Crítica e interpretación |9 255042 | |
| 583 | |a last modification |c 19930817 00:00:00 |k Rodrigo Vera | ||
| 490 | 0 | |a Colección Aprendizaje, 25 | |
| 999 | |c 220408 |d 220406 | ||
| 952 | |0 0 |1 0 |4 0 |6 150_190000000000000_RIV_1988 |7 0 |8 A |9 212591 |a BIBEDU |b BIBEDU |d 2019-11-15 |i 2807920 |l 1 |o 150.19 RIV 1988 |p 2807920 |r 2024-09-23 |s 2024-09-11 |w 2019-11-15 |y BK |k EDU | ||
| 952 | |0 0 |1 0 |4 0 |6 150_190000000000000_RIV_1988 |7 0 |8 A |9 212592 |a FDOPOS |b FDOPOS |d 2019-11-15 |i 3731928 |o 150.19 RIV 1988 |p 3731928 |r 2025-01-22 |w 2019-11-15 |y BK |k MLA | ||
| 952 | |0 0 |1 0 |4 0 |6 150_190000000000000_RIV_1988 |7 0 |8 A |9 212593 |a FDOPOS |b FDOPOS |d 2019-11-15 |i 431218K |o 150.19 RIV 1988 |p 431218K |r 2025-01-22 |w 2019-11-15 |y BK |k MLA | ||
| 952 | |0 0 |1 0 |4 0 |6 150_190000000000000_RIV_1988 |7 0 |8 A |9 212594 |a FDOPOS |b FDOPOS |d 2019-11-15 |i 4410440 |o 150.19 RIV 1988 |p 4410440 |r 2025-01-22 |w 2019-11-15 |y BK |k MLA | ||